India-Russia post cold war relation : (Record no. 104652)

MARC details
000 -LEADER
fixed length control field 00718nam a22002057a 4500
005 - DATE AND TIME OF LATEST TRANSACTION
control field 20161122110532.0
010 ## - LCCN (DPL NO)
LC control number ENG-116560
020 ## - INTERNATIONAL STANDARD BOOK NUMBER
International Standard Book Number 9789383649822
Terms of availability 820.00
035 ## - SYSTEM CONTROL NUMBER
System control number EN-100092
037 ## - SOURCE OF ACQUISITION
Source of stock number/acquisition DBAD/PUB
082 ## - DEWEY DECIMAL CLASSIFICATION NUMBER
Classification number 327.54047
100 ## - MAIN ENTRY--PERSONAL NAME
Personal name Chandra Rekha
245 ## - TITLE STATEMENT
Title India-Russia post cold war relation :
Remainder of title a new epoch of cooperation /
Statement of responsibility, etc by Chandra Rekha ; introduction by Vinod Pandey
260 ## - PUBLICATION, DISTRIBUTION, ETC. (IMPRINT)
Place of publication, distribution, etc New Delhi
Name of publisher, distributor, etc KW Publishers
Date of publication, distribution, etc 2016
270 ## - ADDRESS
Address 14th floor, building no 10, tower-B, DLF cyber city, Phase-II,
City Gurgaon (Haryana)
Postal code 122002
300 ## - PHYSICAL DESCRIPTION
Extent xxiii,222p.:
Dimensions 24cm(Hb)
Other physical details ill (maps)
500 ## - GENERAL NOTE
General note Included index
700 ## - ADDED ENTRY--PERSONAL NAME
Personal name Pandey,Vinod
942 ## - ADDED ENTRY ELEMENTS (KOHA)
Source of classification or shelving scheme Dewey Decimal Classification
Item type English Books
Classification part 327.54047
Call number suffix CHA
Holdings
Withdrawn status Lost status Not for loan Collection code Home library Current library Date acquired Source of acquisition Cost, normal purchase price Full call number Barcode Copy number Cost, replacement price Koha item type
    Not For Loan Non-fiction D.B.Act.Division Bawana 16/11/2016 DBAD/PUB 820.00 327.54047 CHA EN-100092 1 820.00 English Books

© Delhi Public Library
Hit Counter
free hit counter